Matthias Grünewald / (Record no. 78356)

MARC details
000 -LEADER
campo de control de longitud fija 00448nam a2200169 i 4500
001 - NÚMERO DE CONTROL
campo de control 78356
003 - IDENTIFICADOR DE NÚMERO DE CONTROL
campo de control ES-MaACL
005 - FECHA Y HORA DE LA ÚLTIMA TRANSACCIÓN
campo de control 20230906173652.0
007 - CAMPO FIJO DE DESCRIPCIÓN FÍSICA--INFORMACIÓN GENERAL
campo de control de longitud fija t|
008 - DATOS DE LONGITUD FIJA--INFORMACIÓN GENERAL
campo de control de longitud fija 041013s1919 gw |||| |bger d
100 1# - ENTRADA PRINCIPAL--NOMBRE DE PERSONA
Nombre de persona Hagen, Oskar.
9 (RLIN) 61448
245 10 - MENCIÓN DEL TÍTULO
Título Matthias Grünewald /
Mención de responsabilidad, etc. Oskar Hagen.
260 ## - PUBLICACIÓN, DISTRIBUCIÓN, ETC.
Lugar de publicación, distribución, etc. München :
Nombre del editor, distribuidor, etc. R. Piper und Cº,
Fecha de publicación, distribución, etc. 1919.
300 ## - DESCRIPCIÓN FÍSICA
Extensión 226 p. ;
Dimensiones 28 cm.
600 14 - PUNTO DE ACCESO ADICIONAL DE MATERIA--NOMBRE DE PERSONA
Nombre de persona Grünewald, Matthias.
9 (RLIN) 60250
852 ## - LOCALIZACIÓN
Ubicación ES-MaACL
Número de control de estantería F-1120
Holdings
Estatus retirado Estado de pérdida Estado de daño No para préstamo Biblioteca de origen Biblioteca actual Ubicación en estantería Fecha de adquisición Fuente de adquisición Total de préstamos Signatura topográfica completa Código de barras Visto por última vez Precio de reemplazo Tipo de ítem Koha
        Biblioteca del Ateneo de Madrid Biblioteca del Ateneo de Madrid Depósito 2 17/01/2008     F-1120 1081962 23/02/2023 23/02/2023 Libro impreso